Aprendiendo pc; curso visual y práctico /

Guardado en:
Formato: Libro
Publicado: Buenos Aires : Mp Ediciones
Materias:
Etiquetas: Agregar Etiqueta
Sin Etiquetas, Sea el primero en etiquetar este registro!
LEADER 02203nam a22004095a 4500
001 CEM.cems011615
005 20071115120921.0
008 130507b######################000#0#####d
003 CEMS
020 |a 9879131886 
082 0 4 |a F001.64 
245 0 0 |a Aprendiendo pc; curso visual y práctico /  |c Mp Ediciones 
260 |a Buenos Aires :  |b Mp Ediciones 
300 |a 479 p. 
505 0 |a Tema central -- Para expertos -- Hardware -- Software -- Proyectos -- Guía Web -- 
653 |a Internet 
653 |a Curso de internet 
859 |a CEMS  |b BIB. CEMS - 11 de abril  |h F001.64  |i 80-1  |p 2041.44  |t Ej.1  |v 20  |3 20 
859 |a CEMS  |b BIB. CEMS - 11 de abril  |h F001.64  |i 80-1  |p 2042.44  |t Ej.2  |v 20  |3 20 
859 |a CEMS  |b BIB. CEMS - 11 de abril  |h F001.64  |i 80-1  |p 2043.44  |t Ej.3  |v 20  |3 20 
859 |a CEMS  |b BIB. CEMS - 11 de abril  |h F001.64  |i 80-1  |p 2044.44  |t Ej.4  |v 20  |3 20 
859 |a CEMS  |b BIB. CEMS - 11 de abril  |h F001.64  |i 80-1  |p 2045.44  |t Ej.5  |v 20  |3 20 
859 |a CEMS  |b BIB. CEMS - 11 de abril  |h F001.64  |i 80-1  |p 2046.44  |t Ej.6  |v 20  |3 20 
859 |a CEMS  |b BIB. CEMS - 11 de abril  |h F001.64  |i 80-1  |p 2047.44  |t Ej.7  |v 20  |3 20 
859 |a CEMS  |b BIB. CEMS - 11 de abril  |h F001.64  |i 80-1  |p 2048.44  |t Ej.8  |v 20  |3 20 
859 |a CEMS  |b BIB. CEMS - 11 de abril  |h F001.64  |i 80-1  |p 2049.44  |t Ej.9  |v 20  |3 20 
859 |a CEMS  |b BIB. CEMS - 11 de abril  |h F001.64  |i 80-1  |p 2050.44  |t Ej.10  |v 20  |3 20 
859 |a CEMS  |b BIB. CEMS - 11 de abril  |h F001.64  |i 80-1  |p 2051.44  |t Ej.11  |v 20  |3 20 
859 |a CEMS  |b BIB. CEMS - 11 de abril  |h F001.64  |i 80-1  |p 2052.44  |t Ej.12  |v 20  |3 20 
859 |a CEMS  |b BIB. CEMS - 11 de abril  |h F001.64  |i 80-1  |p 2053.44  |t Ej.13  |v 20  |3 20 
859 |a CEMS  |b BIB. CEMS - 11 de abril  |h F001.64  |i 80-1  |p 2054.44  |t Ej.14  |v 20  |3 20 
859 |a CEMS  |b BIB. CEMS - 11 de abril  |h F001.64  |i 80-1  |p 2055.44  |t Ej.15  |v 20  |3 20 
859 |a CEMS  |b BIB. CEMS - 11 de abril  |h F001.64  |i 80-1  |p 2056.44  |t Ej.16  |v 20  |3 20 
859 |a CEMS  |b BIB. CEMS - 11 de abril  |h F001.64  |i 80-1  |p 2057.44  |t Ej.17  |v 20  |3 20 
859 |a CEMS  |b BIB. CEMS - 11 de abril  |h F001.64  |i 80-1  |p 2058.44  |t Ej.18  |v 20  |3 20 
859 |a CEMS  |b BIB. CEMS - 11 de abril  |h F001.64  |i 80-1  |p 2059.44  |t Ej.19  |v 20  |3 20 
859 |a CEMS  |b BIB. CEMS - 11 de abril  |h F001.64  |i 80-1  |p 2060.44  |t Ej.20  |v 20  |3 20